000 00702nam a2200289Ia 4500
005 20260324140012.0
008 008 260324s9999 xx 000 0 eng d
020 _a9781315062839
037 _aEBOOK
040 _aCRL
040 _beng
040 _cCRL
041 _2eng
041 _aeng
084 _qCRL
100 _aRoy Rada
_91202752
245 0 _aRe-Engineering Software
245 0 _bHow to Re-Use Programming to Build New, State-of-the-Art Software
260 _bTaylor and Francis
260 _c1999
365 _a
365 _b180
856 _uhttp://www.taylorfrancis.com/books/9781315062839
942 _cEBOOK
999 _c1804363
_d1804363